| 000 | 00581nam a2200217Ia 4500 | ||
|---|---|---|---|
| 005 | 20221028150041.0 | ||
| 008 | 131103s9999 xx 000 0 und d | ||
| 020 | _cRs.8 | ||
| 040 | _aLoreto College | ||
| 041 | _aEnglish | ||
| 082 |
_a954.02 _bQAN |
||
| 100 | _aQanungo,Kalika - Ranjan | ||
| 245 |
_aDara Shukoh Vol I _bBiography _cKalika - ranjan Qanungo |
||
| 250 | _a2nd ed. | ||
| 260 |
_aCalcutta _bS.C.Sarkar _c1952 |
||
| 300 | _ax,320 p. | ||
| 504 | _aIncludes index and bibliographical references | ||
| 650 | _aMedieval History | ||
| 850 | _aLCLIB | ||
| 942 | _cBK | ||
| 999 |
_c9527 _d60006 |
||